Top 15 des jeux vidéos les + vendus - Statistiques

Statistiques générales
  • Ce quiz a été pris 102 fois
  • Le résultat moyen est 3 sur 15
Statistiques - réponses
Top/vente Jeux vidéos % Correct
1 Minecraft
76%
2 GTA 5
68%
4 Mario Kart 8
25%
5 Red Dead Redemption II
20%
13 Super Mario Bros
18%
11 Pokémon Jaune/Bleu/Vert/Rouge
13%
3 Wii sports
12%
8 The Witcher 3
6%
14 Call of Duty : Black ops III
5%
15 Call of Duty : Modern Warfare
5%
10 Animal Crossing : New Horizons
2%
6 PUBG
2%
9 Human : Fall flat
0%
7 Terraria
0%
12 Wii Fit
0%
Aucun quiz correspondant
Distribution des résultats
% des personnes avec chaque résultat
Percentile par nombre de réponses
Votre historique - résultats
Vous n’avez pas pris ce quiz